01356naa a22003017a 4500001001000000003000900010005001700019007000300036008003400039040005400073041000900127072003600136090001800172100002100190245009700211500021900308773017900527650001000706650001300716650001600729650001200745650001900757490008400776942001500860909004000875999001900915952012000934BR7906643BR-BrBNA20250716090241.0ta250630b bl.|||m| |||| 00| 0 por d aBR-BrBNAbporcBiblioteca Nacional de Agricultura a(Pt) aF00; Q10; N20b2110b4545b4650 aF00 BR79066431 aQueiroz, G.N. de1 aOtimizacao de equipamentos para beneficiamento de cacau [Theobroma cacao; Colheita; Secagem] aBibliografia corrente em ciencia e tecnologia Secretaria do Planejamento, Ciencia e Tecnologia, Salvador, BA (Brazil) Salvador, BA (Brasil): 1979. p. 118-135 [12 illus.; 7 ref.; Summaries (En, Pt)] (BR7906643-AMS) 0 tBibliografia corrente em ciencia e tecnologiaaSecretaria do Planejamento, Ciencia e Tecnologia, Salvador, BA (Brazil)wF00 BR7906643gSalvador, BA (Brasil), 1979. p. 118-135 aCACAU aCOLHEITA aFERMENTACAO aSECAGEM aBENEFICIAMENTO aBibliografia Corrente em Ciencia e Tecnologia (Brazil)vv. 2(2)xISSN 0100-3496 cAMS2AGRIS a202506bLúciac55dLúcia Elande c333459d333459 002AGRIS40708AGROBASEa41918b41918l0r2025-06-30t01yAMS10d2025-06-30ePortaria Interministerial nº 164/94